Наша компания предпочитает брать специалистов из ТПУ; Томский политехник; Вып. 8
| Parent link: | Томский политехник: ежегодный журнал/ Томский политехнический университет (ТПУ), Ассоциация выпускников.— , 1995- Вып. 8.— 2002.— [С. 22-23] |
|---|---|
| প্রধান লেখক: | |
| সংক্ষিপ্ত: | Заглавие с титульного листа Электронная версия печатной публикации |
| ভাষা: | রুশ ইংরেজি |
| প্রকাশিত: |
2002
|
| মালা: | Ответ на вызов времени Факультет автоматики и электромеханики |
| বিষয়গুলি: | |
| অনলাইন ব্যবহার করুন: | Цветная версия без потери качества |
| বিন্যাস: | বৈদ্যুতিক গ্রন্থের অধ্যায় |
| KOHA link: | https://koha.lib.tpu.ru/cgi-bin/koha/opac-detail.pl?biblionumber=198009 |
MARC
| LEADER | 00000nla2a2200000 4500 | ||
|---|---|---|---|
| 001 | 198009 | ||
| 005 | 20231031183653.0 | ||
| 035 | |a (RuTPU)RU\TPU\book\215975 | ||
| 035 | |a RU\TPU\book\215940 | ||
| 090 | |a 198009 | ||
| 100 | |a 20110621d2002 km y0rusy50 ca | ||
| 101 | 0 | |a rus |a eng | |
| 102 | |a RU | ||
| 135 | |a drnn ---uucaa | ||
| 181 | 0 | |a i | |
| 182 | 0 | |a b | |
| 200 | 1 | |a Наша компания предпочитает брать специалистов из ТПУ |b Электронный ресурс |d [Our company prefer to recruit specialists from TPU] |f С. Алешков | |
| 203 | |a Текст |c электронный | ||
| 215 | |a 1 файл (5 Мб) | ||
| 225 | 1 | |a Ответ на вызов времени | |
| 225 | 1 | |a Факультет автоматики и электромеханики | |
| 230 | |a Электронные текстовые данные (1 файл : 5 Мб) | ||
| 300 | |a Заглавие с титульного листа | ||
| 300 | |a Электронная версия печатной публикации | ||
| 337 | |a Adobe Reader | ||
| 461 | 1 | |0 (RuTPU)RU\TPU\book\202435 |t Томский политехник |o ежегодный журнал |f Томский политехнический университет (ТПУ), Ассоциация выпускников |d 1995- | |
| 463 | 1 | |0 (RuTPU)RU\TPU\book\215843 |t Вып. 8 |v [С. 22-23] |d 2002 |p 180 с. | |
| 510 | 1 | |a [Our company prefer recruit specialists from TPU] |z eng | |
| 601 | 0 | 2 | |a Томский политехнический университет (ТПУ) |c (1991-2009) |2 stltpush |3 (RuTPU)RU\TPU\col\376 |b Факультет автоматики и электромеханики (ФАЭМ) |
| 610 | 1 | |a факультеты | |
| 610 | 1 | |a выпускники ТПУ | |
| 610 | 1 | |a воспоминания | |
| 610 | 1 | |a электронный ресурс | |
| 700 | 1 | |a Алешков |b С. |g Сергей | |
| 801 | 1 | |a RU |b 63413507 |c 20101101 | |
| 801 | 2 | |a RU |b 63413507 |c 20110825 |g RCR | |
| 856 | 4 | |u http://www.lib.tpu.ru/fulltext/v/Tomsk_polytechnic/2002/N8a4_full.pdf |z Цветная версия без потери качества | |
| 942 | |c CF | ||